|
|
|
|
| LEADER |
00000nam0a2200000 4500 |
| 001 |
52425 |
| 005 |
20231031041605.0 |
| 035 |
|
|
|a (RuTPU)RU\TPU\book\54933
|
| 090 |
|
|
|a 52425
|
| 100 |
|
|
|a 20030529d1981 m y0rusy50 ca
|
| 101 |
0 |
|
|a rus
|
| 102 |
|
|
|a RU
|
| 105 |
|
|
|a a j 001zy
|
| 200 |
1 |
|
|a Силовые полупроводниковые приборы
|e учебник
|f Ю. А. Евсеев, П. Г. Дерменжи
|
| 210 |
|
|
|a Москва
|c Энергоиздат
|d 1981
|
| 215 |
|
|
|a 472 с.
|c ил.
|
| 225 |
1 |
|
|a Для учащихся техникумов
|
| 320 |
|
|
|a Библиогр.: с. 467.
|
| 320 |
|
|
|a Библиогр.: с. 467.
|
| 320 |
|
|
|a Предметный указатель: с. 468-469.
|
| 610 |
1 |
|
|a преобразовательная техника
|
| 610 |
1 |
|
|a силовые полупроводниковые приборы
|
| 610 |
1 |
|
|a силовые диоды
|
| 610 |
1 |
|
|a переходные процессы
|
| 610 |
1 |
|
|a конструкции
|
| 610 |
1 |
|
|a транзисторы
|
| 610 |
1 |
|
|a тиристоры
|
| 610 |
1 |
|
|a неодномерные процессы
|
| 610 |
1 |
|
|a симисторы
|
| 610 |
1 |
|
|a оптоэлектроника
|
| 610 |
1 |
|
|a оптоэлектроника полупроводниковая
|
| 610 |
1 |
|
|a учебники
|
| 675 |
|
|
|a 621.314.63(075.8)
|v 3
|
| 700 |
|
1 |
|a Евсеев
|b Ю. А.
|g Юрий Алексеевич
|
| 701 |
|
1 |
|a Дерменжи
|b П. Г.
|g Пантелей Георгиевич
|
| 801 |
|
1 |
|a RU
|b 63413507
|c 20030529
|g PSBO
|
| 801 |
|
2 |
|a RU
|b 63413507
|c 20150820
|g PSBO
|
| 900 |
|
|
|a Физические основы электроники
|
| 900 |
|
|
|a Силовые электронные аппараты
|
| 942 |
|
|
|c BK
|
| 952 |
|
|
|a 551300
|b 180000
|